[Event "Seebach op 23rd"]
[Site "Grossenseebach"]
[Date "2012.06.09"]
[Round "5"]
[White "Weigert, Wilhelm"]
[Black "Jahnke, Manfred"]
[Result "1-0"]
[WhiteElo "1948"]
[BlackElo "1605"]
[PlyCount "71"]
[EventDate "2012.06.07"]
[EventType "swiss"]
[EventRounds "7"]
[EventCountry "GER"]
[SourceTitle "EXT 2013"]
[Source "ChessBase"]
[SourceDate "2012.11.22"]
[SourceVersion "1"]
[SourceVersionDate "2012.11.22"]
[SourceQuality "1"]

1. Nf3 Nf6 2. g3 g6 3. c4 Bg7 4. Nc3 d6 5. Bg2 0-0 6. 0-0 e5 7. d3 h6 8. b4 c6 9. Bb2 a5 10. a3 Be6 11. c5 dxc5 12. bxc5 Nbd7 13. Na4 Qc7 14. Qc2 Nd5 15. e4 Ne7 16. d4 f5 17. Nb6 Nxb6 18. cxb6 Qxb6 19. Nxe5 fxe4 20. Bxe4 Rf6 21. Nc4 Qc7 22. Ne3 Bf7 23. d5 Rd6 24. Bxg7 Kxg7 25. Qb2+ Kh7 26. Nc4 Rdd8 27. d6 Rxd6 28. Nxd6 Qxd6 29. Rad1 Qc7 30. h4 h5 31. Qd4 Nd5 32. Rfe1 Re8 33. Qc5 b6 34. Qc2 Rg8 35. Bxd5 Bxd5 36. Rxd5 1-0

[Event "Seebach op 19th"]
[Site "Grossenseebach"]
[Date "2008.05.23"]
[Round "4"]
[White "Jahnke, Manfred"]
[Black "Kirch, Daniel"]
[Result "0-1"]
[WhiteElo "1821"]
[BlackElo "2022"]
[PlyCount "32"]
[EventDate "2008.05.25"]
[EventType "swiss"]
[EventRounds "7"]
[EventCountry "GER"]
[SourceTitle "EXT 2018"]
[Source "ChessBase"]
[SourceDate "2017.10.13"]
[SourceVersion "1"]
[SourceVersionDate "2017.10.13"]
[SourceQuality "1"]

1. c4 Nf6 2. Nf3 g6 3. g3 Bg7 4. Bg2 d6 5. d4 0-0 6. 0-0 Nbd7 7. Nc3 c6 8. b3 e5 9. Bb2 Re8 10. e4 exd4 11. Nxd4 Nc5 12. Re1 Ng4 13. f4 Qb6 14. b4 Qxb4 15. Rb1 Qxc4 16. Nde2 Nd3 0-1

[Event "Seebach op 16th"]
[Site "Grossenseebach"]
[Date "2005.05.29"]
[Round "7"]
[White "Jahnke, Manfred"]
[Black "Walter, Florian"]
[Result "1-0"]
[WhiteElo "1771"]
[BlackElo "1600"]
[PlyCount "110"]
[EventDate "2005.05.26"]
[EventType "swiss"]
[EventRounds "7"]
[EventCountry "GER"]
[SourceTitle "EXT 2018"]
[Source "ChessBase"]
[SourceDate "2017.10.13"]
[SourceVersion "1"]
[SourceVersionDate "2017.10.13"]
[SourceQuality "1"]

1. c4 Nf6 2. Nf3 g6 3. g3 Bg7 4. Bg2 0-0 5. 0-0 Nc6 6. d4 d5 7. cxd5 Nxd5 8. Nc3 Nb6 9. e4 Nxd4 10. Bf4 Bg4 11. Rc1 Nxf3+ 12. Bxf3 Qxd1 13. Bxd1 Bxd1 14. Rfxd1 e5 15. Be3 Rfd8 16. Rxd8+ Rxd8 17. Nb5 c6 18. Nxa7 Na4 19. b3 Nb2 20. Rc2 Rd1+ 21. Kg2 Nd3 22. Rd2 Ne1+ 23. Kh3 Rxd2 24. Bxd2 Nf3 25. Be3 Ng1+ 26. Kg2 Ne2 27. Kf3 Nd4+ 28. Bxd4 exd4 29. Ke2 Kf8 30. Nc8 Be5 31. Nb6 Ke7 32. Nc4 Ke6 33. Na5 Bc7 34. Nxb7 Bb6 35. Kd3 Kd7 36. b4 Kc7 37. Nc5 Kd6 38. Kxd4 Ba7 39. f4 f6 40. e5+ fxe5+ 41. fxe5+ Ke7 42. a4 h6 43. g4 Bb6 44. a5 Ba7 45. h3 g5 46. a6 Kd8 47. Ke4 Ke7 48. Kf5 Kf7 49. e6+ Kg7 50. Nd7 Bd4 51. Ne5 h5 52. Nxc6 hxg4 53. hxg4 Bb6 54. a7 Bxa7 55. Nxa7 Kh8 1-0

[Event "Seebach op 16th"]
[Site "Grossenseebach"]
[Date "2005.05.26"]
[Round "2"]
[White "Schroeder, Harald"]
[Black "Jahnke, Manfred"]
[Result "0-1"]
[WhiteElo "1402"]
[BlackElo "1771"]
[PlyCount "82"]
[EventDate "2005.05.26"]
[EventType "swiss"]
[EventRounds "7"]
[EventCountry "GER"]
[SourceTitle "EXT 2018"]
[Source "ChessBase"]
[SourceDate "2017.10.13"]
[SourceVersion "1"]
[SourceVersionDate "2017.10.13"]
[SourceQuality "1"]

1. e4 c5 2. Bc4 Nc6 3. Nc3 Nf6 4. Nf3 d6 5. d3 g6 6. Ng5 Ne5 7. Bb3 e6 8. Bf4 Bg7 9. Bxe5 dxe5 10. 0-0 0-0 11. Nf3 Nh5 12. Ne2 b5 13. c4 b4 14. g3 Bb7 15. h4 f5 16. Ng5 Qe7 17. Qc2 h6 18. Nh3 fxe4 19. dxe4 Rf3 20. a3 a5 21. axb4 cxb4 22. Ba4 Nf6 23. b3 Bxe4 24. Qc1 Qc5 25. Ra2 Ng4 26. Rd2 Raf8 27. Qe1 Bd3 28. Bd7 R8f6 29. Ba4 Bxe2 30. Rxe2 Rxg3+ 31. Kh1 Rxh3+ 32. Kg2 Rff3 33. Rh1 Rxh1 34. Kxh1 Rxf2 35. Rxf2 Qxf2 36. Qxf2 Nxf2+ 37. Kg2 Nd3 38. Kf3 Nc5 39. Kg3 Bf6 40. Be8 Kg7 41. h5 g5 0-1

[Event "Hohenloher op 10th"]
[Site "Forchtenberg"]
[Date "2003.06.22"]
[Round "7"]
[White "Hubel, Katrina"]
[Black "Jahnke, Manfred"]
[Result "1-0"]
[WhiteElo "1540"]
[BlackElo "1694"]
[PlyCount "77"]
[EventDate "2003.06.19"]
[EventType "swiss"]
[EventRounds "7"]
[EventCountry "GER"]
[SourceTitle "EXT 2004"]
[Source "ChessBase"]
[SourceDate "2003.11.25"]
[SourceVersion "1"]
[SourceVersionDate "2003.11.25"]
[SourceQuality "1"]

1. e4 c5 2. Nf3 d6 3. d4 cxd4 4. Nxd4 Nf6 5. Nc3 g6 6. Bb5+ Bd7 7. 0-0 Bg7 8. Re1 0-0 9. Bxd7 Nbxd7 10. Nd5 Rc8 11. Nxf6+ Bxf6 12. c3 Qb6 13. Rb1 Rxc3 14. Be3 Rxe3 15. fxe3 Rc8 16. Qd2 Ne5 17. h3 Rc5 18. b3 Nd7 19. Rbc1 Re5 20. Qd3 Nc5 21. Qb5 Qxb5 22. Nxb5 Nd3 23. Rc8+ Kg7 24. Rd1 Nb2 25. Rd5 Rxe4 26. Kf2 Re5 27. Rxe5 Nd3+ 28. Ke2 Nxe5 29. Nxa7 Nd7 30. Rc7 Nb6 31. Rxb7 Nd5 32. a4 Bg5 33. e4 Nf4+ 34. Kf3 Ne6 35. Nc6 Nc5 36. Rb5 Kf6 37. e5+ Ke6 38. exd6 exd6 39. b4 1-0

[Event "Hohenloher op 10th"]
[Site "Forchtenberg"]
[Date "2003.06.21"]
[Round "6"]
[White "Schindler, Sirko"]
[Black "Jahnke, Manfred"]
[Result "1-0"]
[WhiteElo "1350"]
[BlackElo "1694"]
[PlyCount "77"]
[EventDate "2003.06.19"]
[EventType "swiss"]
[EventRounds "7"]
[EventCountry "GER"]
[SourceTitle "EXT 2004"]
[Source "ChessBase"]
[SourceDate "2003.11.25"]
[SourceVersion "1"]
[SourceVersionDate "2003.11.25"]
[SourceQuality "1"]

1. e4 c5 2. Nc3 d6 3. Nf3 Nc6 4. d4 cxd4 5. Nxd4 g6 6. Bb5 Bd7 7. 0-0 Bg7 8. Nxc6 bxc6 9. Bc4 Qb6 10. Qf3 Nf6 11. Rb1 0-0 12. Bd2 Ng4 13. Qe2 Ne5 14. Bb3 e6 15. Rfd1 d5 16. Be3 Qb7 17. Bd4 f6 18. Bc5 Rfe8 19. exd5 exd5 20. h3 Qc7 21. Qd2 Bxh3 22. Kf1 Be6 23. Ne2 Nd7 24. Bb4 Qh2 25. Ng3 h5 26. Bd6 Ne5 27. f4 Qxg3 28. fxe5 fxe5 29. Qd3 Qf4+ 30. Qf3 Qxf3+ 31. gxf3 Rad8 32. Bc5 Rd7 33. Kg2 Kh7 34. Rf1 d4 35. Bxe6 Rxe6 36. Rbd1 Rb7 37. b3 a6 38. Rfe1 Rb5 39. f4 1-0

[Event "Hohenloher op 10th"]
[Site "Forchtenberg"]
[Date "2003.06.20"]
[Round "3"]
[White "Jahnke, Manfred"]
[Black "Sotter Klundt, Gerlinde"]
[Result "1/2-1/2"]
[WhiteElo "1694"]
[BlackElo "1609"]
[PlyCount "129"]
[EventDate "2003.06.19"]
[EventType "swiss"]
[EventRounds "7"]
[EventCountry "GER"]
[SourceTitle "EXT 2004"]
[Source "ChessBase"]
[SourceDate "2003.11.25"]
[SourceVersion "1"]
[SourceVersionDate "2003.11.25"]
[SourceQuality "1"]

1. c4 Nf6 2. Nc3 d5 3. d4 e6 4. Nf3 Be7 5. g3 0-0 6. Bg2 c5 7. cxd5 cxd4 8. Nxd4 Nxd5 9. Nxd5 exd5 10. 0-0 Bf6 11. e3 Nc6 12. Nxc6 bxc6 13. Qc2 Bd7 14. Bd2 Rb8 15. Bc3 Bxc3 16. Qxc3 Qb6 17. b3 Be6 18. Rac1 Rbc8 19. Qc5 Rfd8 20. Rfd1 Qxc5 21. Rxc5 Rc7 22. Rd4 Rdc8 23. Ra4 g6 24. Rd4 f5 25. b4 Kg7 26. a3 Kf7 27. Rd1 Ke7 28. Rdc1 Kd6 29. Bf1 Rb8 30. b5 Rbc8 31. a4 cxb5 32. Rxc7 Rxc7 33. Rxc7 Kxc7 34. Bxb5 Bd7 35. Bxd7 Kxd7 36. Kf1 Kc6 37. Ke2 Kc5 38. Kd3 Kb4 39. Kd4 Kxa4 40. Kxd5 Kb3 41. f3 a5 42. e4 a4 43. e5 a3 44. e6 a2 45. e7 a1Q 46. e8Q Qd1+ 47. Ke6 Qxf3 48. Qb8+ Kc4 49. Qc7+ Kd4 50. Qxh7 Qc6+ 51. Kf7 Ke5 52. Qg7+ Ke4 53. Qxg6 Qd7+ 54. Kf6 Qd8+ 55. Kg7 Qe7+ 56. Kh6 Qd8 57. Qc6+ Ke5 58. Qb5+ Ke6 59. Qc6+ Ke5 60. Qc3+ Ke4 61. Qc4+ Ke5 62. Qf4+ Ke6 63. Qe3+ Kf7 64. Qb3+ Kf6 65. Qc3+ 1/2-1/2

[Event "Hohenloher op 10th"]
[Site "Forchtenberg"]
[Date "2003.06.19"]
[Round "2"]
[White "Fischer, Peter2"]
[Black "Jahnke, Manfred"]
[Result "1-0"]
[WhiteElo "1969"]
[BlackElo "1694"]
[PlyCount "63"]
[EventDate "2003.06.19"]
[EventType "swiss"]
[EventRounds "7"]
[EventCountry "GER"]
[SourceTitle "EXT 2004"]
[Source "ChessBase"]
[SourceDate "2003.11.25"]
[SourceVersion "1"]
[SourceVersionDate "2003.11.25"]
[SourceQuality "1"]

1. e4 c5 2. Nf3 d6 3. d4 cxd4 4. Nxd4 Nf6 5. Nc3 g6 6. Be3 Bg7 7. Qd2 Ng4 8. Bg5 0-0 9. 0-0-0 Nc6 10. Nxc6 bxc6 11. Na4 Be6 12. h3 Nf6 13. f3 Rb8 14. b3 c5 15. Bh6 Bxh6 16. Qxh6 Nd7 17. h4 Nf6 18. h5 c4 19. Nc5 Qa5 20. Nxe6 fxe6 21. Bxc4 d5 22. exd5 Qxa2 23. hxg6 Rfc8 24. Rh4 Qa1+ 25. Kd2 Qa5+ 26. Ke2 Qc3 27. Rd2 Qe5+ 28. Re4 Qg3 29. Rg4 Qe5+ 30. Kf1 Nxg4 31. Qxh7+ Kf8 32. Qf7# 1-0